Hoạt động xúc tiến thương mại - những điều cần biết /
Gorde:
| Erakunde egilea: | |
|---|---|
| Formatua: | Sách giấy |
| Hizkuntza: | Vietnamese |
| Argitaratua: |
H. :
Công thương,
2016.
|
| Gaiak: | |
| Etiketak: |
Etiketa erantsi
Etiketarik gabe, Izan zaitez lehena erregistro honi etiketa jartzen!
|
| Thư viện lưu trữ: | Thư viện Trường Đại học Đà Lạt |
|---|
| LEADER | 01238nam a2200313 4500 | ||
|---|---|---|---|
| 001 | DLU180183483 | ||
| 005 | ##20180126 | ||
| 020 | # | # | |a 9786049312274 |
| 040 | # | # | |a DLU |b vie |
| 041 | # | # | |a vie |
| 044 | # | # | |a vn |
| 082 | # | # | |a 382.3 |b BOC |
| 110 | # | # | |a Bộ Công thương. |
| 245 | # | # | |a Hoạt động xúc tiến thương mại - những điều cần biết / |c Bộ Công thương. |
| 260 | # | # | |a H. : |b Công thương, |c 2016. |
| 300 | # | # | |a 174 tr. ; |c 21 cm. |
| 505 | # | # | |a Phần I. Hỏi - đáp về hoạt động xúc tiến thương mại -- Phần II. Thông tư liên tịch số 07/2007/TTLT-BTM-BTC của Bộ Thương mại - Bộ Tài chính ngày 06/7/2007 hướng dẫn thực hiện một số điều về khuyến mại và hội chợ, triển lãm thương mại quy định tại Nghị định số 37/2006/NĐ-CP ngày 04/4/2006 của Chính phủ quy định chi tiết Luật thương mại về hoạt động xúc tiến thương mại. |
| 650 | # | # | |a Thương mại. |
| 923 | # | # | |a 01/2017 |
| 991 | # | # | |a SH |
| 992 | # | # | |a 7000 |
| 994 | # | # | |a DLU |
| 900 | # | # | |a True |
| 911 | # | # | |a Nguyễn Thanh Hương |
| 925 | # | # | |a G |
| 926 | # | # | |a A |
| 927 | # | # | |a SH |
| 980 | # | # | |a Thư viện Trường Đại học Đà Lạt |


